000 00559nam a22002057a 4500
003 OSt
005 20210426093856.0
008 201229s1998 ||||| |||| 00| 0 eng d
020 _c0815126980
040 _aeng
_beng
_cDLC
041 _aeng
080 _a612.67
_bF-66
100 _9637
_aFletcher, Ryan Kathleen
245 _aGeriatric Symptom Assessment and Management
_b: Gastrointestinal
_c/ by: Mosby
260 _aSt. Louis
_bMosby
_c1998
300 _a30 p.
_bill
650 0 _9638
_aGeriatrics
653 _aგერიატრია
942 _2udc
_cBK
999 _c855
_d855